Outdoor games for trainers / (Record no. 70275)

000 -LEADER
fixed length control field 00864cam a2200253 a 4500
001 - CONTROL NUMBER
control field 1598230
003 - CONTROL NUMBER IDENTIFIER
control field NUST - PNEC
005 - DATE AND TIME OF LATEST TRANSACTION
control field 20170116181137.0
008 - FIXED-LENGTH DATA ELEMENTS--GENERAL INFORMATION
fixed length control field 940824s1995 enka b 001 0 eng
010 ## - LIBRARY OF CONGRESS CONTROL NUMBER
LC control number 94034934
020 ## - INTERNATIONAL STANDARD BOOK NUMBER
International Standard Book Number 056607544X
040 ## - CATALOGING SOURCE
Original cataloging agency DLC
Transcribing agency LIBRARY
Modifying agency DLC
050 00 - LIBRARY OF CONGRESS CALL NUMBER
Classification number GV1203
Item number .C586 1995
082 00 - DEWEY DECIMAL CLASSIFICATION NUMBER
Classification number 790.1 CON
100 1# - MAIN ENTRY--PERSONAL NAME
Personal name Consalvo, Carmine M.
245 10 - TITLE STATEMENT
Title Outdoor games for trainers /
Statement of responsibility, etc. Carmine M. Consalvo.
260 ## - PUBLICATION, DISTRIBUTION, ETC.
Place of publication, distribution, etc. Aldershot, Hampshire, England ;
-- Brookfield, Vt. :
Name of publisher, distributor, etc. Gower,
Date of publication, distribution, etc. c1995.
300 ## - PHYSICAL DESCRIPTION
Extent xii, 188 p. :
Other physical details ill. ;
Dimensions 26 cm.
504 ## - BIBLIOGRAPHY, ETC. NOTE
Bibliography, etc. note Includes bibliographical references (p. 181) and index.
650 #0 - SUBJECT ADDED ENTRY--TOPICAL TERM
Topical term or geographic name entry element Outdoor games.
General subdivision General
906 ## - LOCAL DATA ELEMENT F, LDF (RLIN)
a 7
b cbc
c orignew
d 1
e ocip
f 19
g y-gencatlg
942 ## - ADDED ENTRY ELEMENTS (KOHA)
Source of classification or shelving scheme
Koha item type Book
Holdings
Withdrawn status Lost status Source of classification or shelving scheme Damaged status Not for loan Permanent Location Current Location Shelving location Date acquired Total Checkouts Full call number Barcode Date last seen Price effective from Koha item type
          Pakistan Navy Engineering College (PNEC) Pakistan Navy Engineering College (PNEC)       790.1 CON PNECLIB-018944 10/07/2015   Book
© 2023 Central Library, National University of Sciences and Technology. All Rights Reserved.